01404nam a22002297a 450000500170000000800410001702000150005804000070007304100120008008200210009210000170011324500640013026000310019430000330022552007430025865000370100165000120103865000280105065000570107870000190113570000200115420220421152124.0220421b ||||| |||| 00| 0 eng d a0385483740 cAl aEnglish 223a968.06bTUTR aDesmond Tutu aRainbow People of God: The Making of a Peaceful Revolution  aNew YorkbImage Bookc1994 axxii,281 p.bPBc23.5x15 cm. aThe Rainbow People Of God traces South Africa's glorious victory over apartheid in the writings and speeches of one its central figures, Archbishop Desmond Tutu. From the graveside of Steven Biko to the triumphant inauguration of Nelson Mandela as President of South Africa, Tutu's words and presence helped shape events and led South Africa toward justice and freedom. This astonishing tapestry of narrative is not only a valuable historical document of those significant events, but it also showcases the unique sense of spirit of one of the foremost spiritual leaders in the world. Tested through the greatest adversity, these writings will endure for generations to come by their truly powerful combination of compassion and strength. aSouth Africa -- Race relations.  aSermons aEnglish -- South Africa aChurch of the Province of Southern Africa -- Sermons aTUTU (Desmond) aALLEN (John) Ed